Sebuah impian (Record no. 71759)

MARC details
000 -LEADER
fixed length control field 00606nam a2200229 i 4500
001 - CONTROL NUMBER
control field C2-0261022
003 - CONTROL NUMBER IDENTIFIER
control field PPAK
005 - DATE AND TIME OF LATEST TRANSACTION
control field 20180727230610.0
008 - FIXED-LENGTH DATA ELEMENTS--GENERAL INFORMATION
fixed length control field 041109s1979 my |||| ||||| | may d
040 ## - CATALOGING SOURCE
Original cataloging agency PPAK
Language of cataloging eng
Transcribing agency PPAK
Description conventions rda
082 04 - DEWEY DECIMAL CLASSIFICATION NUMBER
Classification number 899.23301
Edition number 23
090 00 - LOCALLY ASSIGNED LC-TYPE CALL NUMBER (OCLC); LOCAL CALL NUMBER (RLIN)
Classification number (OCLC) (R) ; Classification number, CALL (RLIN) (NR) 899.23301
Feature heading SEB
Feature heading KAA
Classification number (OCLC) (R) ; Classification number, CALL (RLIN) (NR) 899.23301
Feature heading SEB
Feature heading KSS
245 00 - TITLE STATEMENT
Title Sebuah impian
264 #1 - PRODUCTION, PUBLICATION, DISTRIBUTION, MANUFACTURE, AND COPYRIGHT NOTICE
Place of production, publication, distribution, manufacture Kuala Lumpur :
Name of producer, publisher, distributor, manufacturer Penerbitan Pena ,
Date of production, publication, distribution, manufacture, or copyright notice [1979]
300 ## - PHYSICAL DESCRIPTION
Extent 235 pages ;
Dimensions 19 cm
336 ## - CONTENT TYPE
Source rdacontent
Content type term text
337 ## - MEDIA TYPE
Source rdamedia
Media type term unmediated
338 ## - CARRIER TYPE
Source rdacarrier
Carrier type term volume
650 10 - SUBJECT ADDED ENTRY--TOPICAL TERM
Topical term or geographic name entry element Short stories, Malay
942 ## - ADDED ENTRY ELEMENTS (KOHA)
-- dc
Koha item type Book
Holdings
Withdrawn Not for loan Current library Shelving location Date acquired Full call number Barcode Date last seen Koha item type Total Checkouts Date last checked out
  Not For Loan Perpustakaan Alor Setar Koleksi Shaidun Shaari 03/01/2008 KSS 899.23301 SEB A00507333 13/07/2020 Book 1 18/03/2019
  Not For Loan Perpustakaan Kulim Koleksi Azizi Abdullah 09/11/2004 KAA 899.23301 SEB A00380307 09/05/2018 Book